| 000 | 00961nas a2200301 4500 | ||
|---|---|---|---|
| 001 | BR0201863 | ||
| 003 | BR-BrBNA | ||
| 005 | 20231205102851.0 | ||
| 007 | ta | ||
| 008 | 230509b bl.|||p| |||| 00| 00por d | ||
| 040 |
_aBR-BrBNA _bpor _cBiblioteca Nacional de Agricultura |
||
| 041 | _a(Pt) | ||
| 072 | _aF03; F02 | ||
| 100 | 1 | _aMotta, I. de S. | |
| 100 | 1 | _aBraccini, A. de L. e | |
| 100 | 1 | _aScapim, C.A. | |
| 100 | 1 | _aGonçalves, A.C.A. | |
| 100 | 1 | _aBraccini, M. do C.L. | |
| 245 | 1 | _aCaracterísticas agronômicas e componentes da produção de sementes de soja em diferentes épocas de semeadura | |
| 650 | _aSOJA | ||
| 650 | _aPRODUÇÃO DE SEMENTES | ||
| 650 | _aCARACTERÍSTICAS AGRONÔMICAS | ||
| 650 | _aÉPOCA DE SEMEADURA | ||
| 650 | _aVARIEDADE | ||
| 773 | 0 |
_tRevista Brasileira de Sementes (Brazil) _xISSN 0101-3122 _g(2000), v. 22(2) p. 153-162 _wBR0201863 |
|
| 909 |
_a202311 _bLúcia _c55 _dLúcia Elande |
||
| 942 |
_2AGRIS _n0 _cANA |
||
| 999 |
_c169790 _d169790 |
||